CRAF handbook for radio astronomy (Record no. 12211)

MARC details
000 -LEADER
fixed length control field 00597nam a2200181Ia 4500
003 - CONTROL NUMBER IDENTIFIER
control field IN-BaIIA
008 - FIXED-LENGTH DATA ELEMENTS--GENERAL INFORMATION
fixed length control field 211028s9999 xx 000 0 eng d
020 ## - INTERNATIONAL STANDARD BOOK NUMBER
International Standard Book Number 2-903148-94-5
040 ## - CATALOGING SOURCE
Transcribing agency IIA Library
080 ## - UNIVERSAL DECIMAL CLASSIFICATION NUMBER
Universal Decimal Classification number 52-77(035)
Item number CRA
110 ## - MAIN ENTRY--CORPORATE NAME
Corporate name or jurisdiction name as entry element France. Committee on radio astronomy frequencies
9 (RLIN) 21334
245 #0 - TITLE STATEMENT
Title CRAF handbook for radio astronomy
Statement of responsibility, etc. Committee on radio astronomy frequencies
250 ## - EDITION STATEMENT
Edition statement 2nd ed.
260 ## - PUBLICATION, DISTRIBUTION, ETC.
Place of publication, distribution, etc. Netherlands
Name of publisher, distributor, etc. Netherlands Foundation for Research Astronomy
Date of publication, distribution, etc. 1997
300 ## - PHYSICAL DESCRIPTION
Extent 149p.
650 ## - SUBJECT ADDED ENTRY--TOPICAL TERM
Topical term or geographic name entry element Handbook-Radio astronomy
9 (RLIN) 21335
942 ## - ADDED ENTRY ELEMENTS (KOHA)
Koha item type Books
Holdings
Withdrawn status Lost status Damaged status Not for loan Home library Current library Shelving location Date acquired Total Checkouts Full call number Barcode Date last seen Price effective from Koha item type
        IIA Library-Bangalore IIA Library-Bangalore General Stacks 27/08/1997   52-77(035)/ CRA 13127 05/11/2021 27/08/1997 Books

Powered by Koha